000
00325nam a22001457a 4500
003
SGT
020
_a
81-219-4245-4
082
_a
615.19
_b
P14J
100
_a
JAYAVEERA,K.N
245
_a
PRACTICAL MEDICINE CHEMISTRY
260
_a
NEW DELHI
_b
S.CHAND & COMPANY
_c
2014
300
_a
156
650
_a
PHARMACY
942
_2
ddc
_c
BK
999
_c
11199
_d
11199